| 000 | 00868nmm a2200277 a 4500 | ||
|---|---|---|---|
| 001 | ocm000584470 | ||
| 003 | TR-IsHL | ||
| 005 | 20201028122648.0 | ||
| 008 | 110704s2003 tu tur | ||
| 007 | cr cn | ||
| 020 | _a9789754981643 | ||
| 035 |
_a584470 _b(N$T) |
||
| 050 | 0 | 4 |
_aPL248.A98 _bT6 2003 |
| 090 | 0 | 4 |
_aPL248.A98 _bT6 2003 |
| 100 | 1 | _aAyvaz, Necati | |
| 245 | 1 | 0 |
_aTopal Hayriye _h[electronic resource] / _cNecati Ayvaz |
| 250 | _a1. bs. | ||
| 260 |
_aİstanbul : _bTürk Dünyası Araştırmaları Vakfı Yayınları, _c2003 |
||
| 300 | _a64 p. | ||
| 650 | 4 | _aDil ve Edebiyat | |
| 650 | 4 | _aLanguage and Literature | |
| 650 | 0 | _aTürk romanı | |
| 650 | 0 | _aTurkish fiction | |
| 650 | 7 |
_aLITERARY COLLECTIONS / Middle Eastern _2bisacsh |
|
| 856 | 4 | 0 | _uhttp://search.ebscohost.com/login.aspx?direct=true&scope=site&db=e011xww&AN=584470 |
| 999 |
_c1988 _d1988 |
||